000
00269nam a22001097a 4500
008
170113b xxu||||| |||| 00| 0 eng d
020
_a
9781565335530
041
_a
eng
080
_2
9TH
_a
618.2
245
_a
PN ADULT MEDICAL SURGICAL NURSING
_c
SOMMER, SH
942
_2
udc
_c
BK
999
_c
2898
_d
2898